| 000 | 00404nam a2200157 i 4500 | ||
|---|---|---|---|
| 001 | 133866 | ||
| 003 | ES-MaACL | ||
| 007 | t| | ||
| 008 | 070903s1923 xxu ||||1| eng d | ||
| 100 | 1 |
_aWright, Ivan. _9117413 |
|
| 245 | 1 | 0 |
_aFarm mortgage financing / _cby Ivan Wright. |
| 250 | _a1st ed. | ||
| 260 |
_aNew York : _bMcGraw Hill, _c1923. |
||
| 300 |
_a343 p. ; _c21 cm. |
||
| 852 |
_aES-MaACL _jB-5978 |
||
| 999 |
_c133866 _d133866 |
||